| 000 | 00344 a2200157 4500 | ||
|---|---|---|---|
| 001 | 60906 | ||
| 020 | _a9788532526069 | ||
| 040 | _cAnchieta - Pituba | ||
| 100 | _aMontero, Teresa | ||
| 240 | 1 | 0 |
_aClarice na cabeceira _lpor |
| 245 | 1 | 0 | _aClarice na cabeceira |
| 300 | _a173 | ||
| 362 | 0 | _a2010 | |
| 650 | 4 | _aCrônica brasileira | |
| 942 | _cBK | ||
| 999 |
_c60906 _d60906 |
||